| 000 | 01645am a2200565a 44500 | ||
|---|---|---|---|
| 003 | AR-BaBNM | ||
| 005 | 20251128205815.0 | ||
| 008 | 208019s1995 #AR|||||||||||000 | esp|| | ||
| 020 | _a950-9293-46-6 | ||
| 040 | _cAR-BaBNM | ||
| 100 | 1 | _aLandsheere, Viviane de | |
| 245 | 1 | 0 |
_aLa educación y la formación _bciencia y práctica |
| 250 | _a1ª ed. | ||
| 260 |
_aBuenos Aires _bDocencia _c1995 |
||
| 300 | _a693 p. | ||
| 490 | 0 |
_aUniversitas _vv. 5 |
|
| 500 | _aIndice de temas: p. 679-684 | ||
| 500 | _aIndice de autores: p. 685-693 | ||
| 504 | _aBibliografía al final de cada capítulo | ||
| 600 | 1 | 4 | _aPiaget, Jean |
| 600 | 1 | 4 | _aLévi-Strauss, Claude |
| 600 | 1 | 4 | _aArdoino, Jacques |
| 600 | 1 | 4 | _aSoëtard, Michel |
| 650 | 4 | _aCIENCIAS DE LA EDUCACION | |
| 650 | 4 | _aFORMACION | |
| 650 | 4 | _aFILOSOFIA DE LA EDUCACION | |
| 650 | 4 | _aPOLITICA EDUCATIVA | |
| 650 | 4 | _aPSICOLOGIA DE LA EDUCACION | |
| 650 | 4 | _aCURRICULO | |
| 650 | 4 | _aDIDACTICA | |
| 650 | 4 | _aFORMACION DE DOCENTES | |
| 650 | 4 | _aTECNOLOGIA EDUCATIVA | |
| 650 | 4 | _aEVALUACION | |
| 650 | 4 | _aPRAXIS EDUCATIVA | |
| 650 | 4 | _aEDUCACION ESPECIAL | |
| 650 | 4 | _aEDUCACION DE ADULTOS | |
| 650 | 4 | _aEDUCACION PERMANENTE | |
| 650 | 4 | _aANIMACION CULTURAL | |
| 650 | 4 | _aALFABETIZACION | |
| 650 | 4 | _aEDUCACION NO FORMAL | |
| 650 | 4 | _aEDUCACION MULTICULTURAL | |
| 650 | 4 | _aSOCIOLOGIA DE LA EDUCACION | |
| 650 | 4 | _aECONOMIA DE LA EDUCACION | |
| 650 | 4 | _aEDUCACION COMPARADA | |
| 653 | _aINVESTIGACION EDUCATIVA | ||
| 700 | 1 |
_aLandsheere, Gilbert de _ecolaborador |
|
| 700 | 1 |
_aPato, Antonio _etraductor |
|
| 942 | _cBK | ||
| 998 | _carturo | ||
| 999 |
_c12884 _d12884 |
||